000 00492nam a2200145Ia 4500
008 100122s9999 xx 000 0 und d
082 _b13409
_a823
100 _aजोशी य गो
245 _aशेवग्याच्या शेंगा
260 _bपंडित अनंत कुलकर्णी
_c1963
300 _a144
630 _aशेवग्याच्या शेंगा
730 _aशेवग्याच्या शेंगा
942 _cBOOK
999 _c404231
_d404228